000 00526nam a2200181Ia 4500
005 20250508162714.0
008 008 250505s9999 xx 000 0 eng d
037 _aTextual
040 _aFEDL
_beng
_cFEDL
041 _aeng
_2eng
084 _a375, NCE
_qFEDL
100 _aArora G L Ed.
_9773870
245 0 _aReflections on curriculum
260 _aNew Delhi, India
_bNational Council of Educational Research and Training
_c1984
300 _a98p.
942 _cTEXL
_h375, NCE
999 _c1378180
_d1378180